Oremos con la Iglesia Santa (Record no. 38953)

MARC details
000 -LEADER
campo de control de longitud fija 00642nam a2200181 i 4500
001 - NÚMERO DE CONTROL
campo de control 38953
003 - IDENTIFICADOR DE NÚMERO DE CONTROL
campo de control ES-MaACL
005 - FECHA Y HORA DE LA ÚLTIMA TRANSACCIÓN
campo de control 20250830074017.0
007 - CAMPO FIJO DE DESCRIPCIÓN FÍSICA--INFORMACIÓN GENERAL
campo de control de longitud fija t|
008 - DATOS DE LONGITUD FIJA--INFORMACIÓN GENERAL
campo de control de longitud fija 030226s1956 sp ||||1| spa d
100 1# - ENTRADA PRINCIPAL--NOMBRE DE PERSONA
Nombre de persona Campos Galbis, José María.
9 (RLIN) 34270
245 10 - MENCIÓN DEL TÍTULO
Título Oremos con la Iglesia Santa
Resto del título : explicación histórico-teológica de la liturgia de la Santa Misa /
Mención de responsabilidad, etc. por José María Campos Galbis.
260 ## - PUBLICACIÓN, DISTRIBUCIÓN, ETC.
Lugar de publicación, distribución, etc. Barcelona :
Nombre del editor, distribuidor, etc. Amigos del Catecismo,
Fecha de publicación, distribución, etc. [1956] (
Fabricante J. Nacher)
300 ## - DESCRIPCIÓN FÍSICA
Extensión 429 p, 1 lám. ;
Dimensiones 21 cm.
710 2# - ENTRADA AGREGADA--NOMBRE DE ENTIDAD CORPORATIVA
Nombre de entidad corporativa o nombre de jurisdicción como elemento de entrada Amigos del Catecismo (Barcelona)
9 (RLIN) 1386
852 ## - LOCALIZACIÓN
Ubicación ES-MaACL
Número de control de estantería C-12403
Sublocalización o colección R.40620
Holdings
Estatus retirado Estado de pérdida Estado de daño No para préstamo Biblioteca de origen Biblioteca actual Ubicación en estantería Fecha de adquisición Fuente de adquisición Total de préstamos Signatura topográfica completa Código de barras Visto por última vez Precio de reemplazo Tipo de ítem Koha
        Biblioteca del Ateneo de Madrid Biblioteca del Ateneo de Madrid Sala Palomar 17/01/2008     C-12403 1041017 23/02/2023 23/02/2023 Libro impreso